000
00267nam a2200109Ia 4500
008
220204s9999 xx 000 0 und d
082
_a
032
_b
NAT
100
_a
B
245
0
_a
Issues and personalities in seventh elections
260
_a
Delhi
_b
Varma
_c
1979
942
_c
BK
999
_c
34082
_d
34082